Fr. Conceicao Rodrigues College of Engineering

Taper Calculation & Inspection No.25 (Record no. 18880)

MARC details
000 -LEADER
fixed length control field 00337nam a2200145Ia 4500
082 ## - DEWEY DECIMAL CLASSIFICATION NUMBER
Classification number 621.9
Item number MAC
100 ## - MAIN ENTRY--PERSONAL NAME
Personal name Machinery yellow back series
245 ## - TITLE STATEMENT
Title Taper Calculation & Inspection No.25
260 ## - PUBLICATION, DISTRIBUTION, ETC.
Name of publisher, distributor, etc. Machinery Publication & co
Date of publication, distribution, etc. 2001
300 ## - PHYSICAL DESCRIPTION
Extent 72
546 ## - LANGUAGE NOTE
Language note ENGLISH
654 ## - SUBJECT ADDED ENTRY--FACETED TOPICAL TERMS
Focus term Inspection
942 ## - ADDED ENTRY ELEMENTS (KOHA)
Koha item type BOOK
Holdings
Withdrawn status Lost status Damaged status Not for loan Collection Home library Current library Date acquired Total Checkouts Full call number Barcode Date last seen Date last checked out Price effective from Koha item type
        AFT Fr. Agnel's C.Rodrigues College of Engineering Fr. Agnel's C.Rodrigues College of Engineering 17/03/2023 1 621.9 MAC AFT414 06/02/2024 05/06/2023 17/03/2023 BOOK